Statistics for Disneyland Attractions

Click here to take the quiz!

General Stats

  • This quiz has been taken 806 times
  • The average score is 21 of 31

Answer Stats

HintAnswer% Correct
New Orleans SquareEmbark on a voyage with Captain Jack Sparrow to a time when pirates ruled the seasPirates of the Caribbean
95%
New Orleans SquareTake a tour of this dark, haunted estate with 999 ghostsHaunted Mansion
94%
AdventurelandEnter the legendary Temple of the Forbidden Eye on a daring journey with this famous archaeologistIndiana Jones Adventure
91%
Critter CountryTake a ride inside logs in the land of burly bears and Brer RabbitSplash Mountain
91%
AdventurelandSet sail with your skipper on a whimsical cruise through exotic riversJungle Cruise
87%
FantasylandSoar over Never Land in a flying pirate galleon and watch the daring adventures while facing Captain HookPeter Pan's Flight
87%
TomorrowlandRocket into the outer reaches of darkest space on this high-speed thrill ride that hurtles you into the final fun frontier!Space Mountain
85%
FantasylandSoar over Fantasyland aboard the most unusual airbourne animal on this iconic Disneyland rideDumbo the Flying Elephant
81%
FantasylandFollow the White rabbit down the rabbit hole into the topsy-tuny realm where giant flowers sing and the spiteful Queen of Hearts commands a mad army of playing cardsAlice in Wonderland
80%
Critter CountryTake a whimsical journey on a giant 6-person beehive to the Hundred-Acre Woods to see these famous charactersThe Many Adventures of Winnie the Pooh
80%
FantasylandVenture into dark forests, creepy castles, dark dungeons, dark mines and slippery cliffs as you relive the FRIGHTFUL moments of this iconic Disney filmSnow White's Scary Adventures
79%
FantasylandConquer the perilous peaks on a high-speed thrill ride that will throttle you through icy chutes and into the lair of the legendary abominable snowmanMatterhorn Bobsleds
78%
AdventurelandWatch tropical birds and colorful flowers come to lifeEnchanted Tiki Room
77%
FrontierlandThunder aboard a runaway mine train on the "the wildest ride in the wilderness"Big Thunder Mountain Railroad
73%
FantasylandGet ready to embark on "the happiest cruise that ever sailed"! through delightful scenes from around the globe with a very memorable Disney melodyIt's a Small World
73%
TomorrowlandBlast away at enemy targets and save the galaxy in this interactive, ride-through adventure inspired by Disney·Pixar's Toy Story and Toy Story 2Buzz Lightyear's Astro Blasters
70%
TomorrowlandBoard a Starspeeder 1000 and travel to intergalactic destinations, see popular characters and experience exciting adventures in a galaxy far, far away..Star Tours
70%
FantasylandFollow the colorful misadventures of an enchanted wooden puppet who wishes to be a real boyPinocchio's Daring Jurney
69%
FantasylandZig and zag in a motorcar for a manic drive through austere Toad Hall and the English countrysideMr. Toad's Wild Ride
68%
Mickey's ToontownGet behind the wheel of a run-away cab and spin through Toontown as you follow the hare-raising adventures of this famous rabbitRoger Rabbit's Car Toon Spin
66%
TomorrowlandTake the wheel and whirl around the tracks of a fun-filled roadway where you can both be the driver of your own small car and get glimpses of things from the car's perspectiveAutopia
65%
TomorrowlandBoard the yellow research submarine of the Nautical Exploration and Marine Observation Institute through Tomorrowland LagoonFinding Nemo Submarine Voyage
58%
Main Street USARide a vintage train around the parkDisneyland Railroad
56%
FantasylandGallop up and down on the back of one of 68 grateful white steeds as you recreate the legend of CamelotKing Arthur Carrousel
49%
FantasylandSpin round and round inside a giant multi-colored teacup as you celebrate a very merry unbirthdayMad Tea Party
47%
FrontierlandCruise back in time on an authentic steam-powered paddlewheel riverboatMark Twain Riverboat
46%
TomorrowlandEnjoy the music of Michael Jackson, combined with the visual effects magic of some of Hollywood's best, as this old classic returns to Disneyland Park.Captain EO
43%
Mickey's ToontownTumble, twist and turn on this gentle rollercoaster ride created the inventive mouse from the television show, Chip n' Dale's Rescue Rangers!Gadget's Go Coaster
39%
New Orleans SquareTour this home, built high in an 80-foot-tall tree, and see what it's like to live on the wild side!Tarzan Treehouse
32%
TomorrowlandBlast off into the outer reaches of the solar system on a retro rocket ride where you spin around the spheres of the solar system!Astro Orbitor
25%
TomorrowlandExperience the latest technologies with hands-on, interactive exhibits, games and shows in the old home of the Carousel of ProgressInnoventions
22%

Score Distribution

Percentile by Number Answered

Percent of People with Each Score

Your Score History

You have not taken this quiz